Cronologia dell' Età del Bronzo in Grecia/Creta - Statistics

Statistiche generali
  • Questo quiz è stato fatto 11 volte
  • Il punteggio medio è 2 su 29
Statistiche sulle risposte
Hint Risposta % Corretto
Protogeometrico 1000-900
25%
Tardo Elladico I 1600-1550/1510
25%
Geometrico 900-700
25%
Subminoico 1100-1000/975
13%
Tardo Elladico II 1550/1510-1390
13%
Tardo Minoico I 1600-1425
13%
Medio Minoico I Fase neopalaziale 1800-1700
13%
Medio Elladico II 1900-1720
13%
Antico Elladico III 2150-1900
13%
Antico Elladico II 2650-2150
13%
Antico Elladico I 3100-2650
13%
Antico Minoico I Fase prepalaziale 3100-2700
13%
Arcaico Iniziale 700-600
13%
Submiceneo 1070-1000
0%
Tardo Elladico IIIC 1200-1070
0%
Tardo Minoico I 1200-1100
0%
Tardo Minoico I 1320-1200
0%
Tardo Elladico IIIB 1360-1200
0%
Tardo Minoico I 1360-1320
0%
Tardo Minoico I 1390-1360
0%
Tardo Elladico IIIA 1390-1361
0%
Tardo Minoico I 1425-1390
0%
Medio Minoico I Fase neopalaziale 1700-1600
0%
Medio Elladico III 1720-.1600
0%
Medio Minoico I Fase protopalaziale 1900-1800
0%
Medio Minoico I Fase prepalaziale 2000-1900
0%
Medio Elladico I 2000-1901
0%
Antico Minoico I Fase prepalaziale 2200-2000
0%
Antico Minoico I Fase prepalaziale 2700-2200
0%
Nessun quiz corrispondente trovato
Distribuzione punteggi
Percentuale di utenti per punteggio
Percentile per numero di risposta
I tuoi punteggi nel tempo
Non hai fatto questo quiz